000 00753 a2200181 4500
003 Nust
005 20170207154438.0
040 _cNust
082 _a050
100 _aMaj Gen Athar Abbas,HI(M)
245 _aHilal February-2012
_cMaj Gen Athar Abbas,HI(M)
250 _a8, Volume 48
260 _aRawalpindi,Pakistan
_bISPR Dte
_cFebruary-2012
300 _aEnglish-40 & Urdu-52p;
505 _aSerious Notes (Page-5) Pak-China Friendship (Page-13) Food for Thought (Pag-15) Economic Profile (Page-17) Rabi-Ul- Awwal Special (page-20) Valiant Heroes (Page-22) Pages from Military History (Page-27) Health Watch (page-29) Miscellanea (apge-19) News & Update (Page-32)
538 _aAlmirah Journals No.3 Shelf No.2
651 _aPakistan Armed Forces Magazine
942 _cMAGS
999 _c197723
_d197723